Sociología de la reforma agraria en América Latina
Una tipología de las reformas agrarias en América Latina debe fundamentarse en una caracterización de la naturaleza del proceso histórico de cambio, no solo según los tipos de estructura latifundista, sino también con relación al contexto nacional
Αποθηκεύτηκε σε:
| Κύριος συγγραφέας: | |
|---|---|
| Μορφή: | Βιβλίο |
| Γλώσσα: | Spanish |
| Έκδοση: |
Buenos Aires:
Ediciones Cruz del Sur,
1973
|
| Θέματα: | |
| Διαθέσιμο Online: | Enlace del recurso |
| Ετικέτες: |
Προσθήκη ετικέτας
Δεν υπάρχουν, Καταχωρήστε ετικέτα πρώτοι!
|
MARC
| LEADER | 00000nam a2200000 a 4500 | ||
|---|---|---|---|
| 001 | 001161 | ||
| 008 | 030619s1973 ag a fr# #000|0#spa#d | ||
| 041 | 0 | |a spa | |
| 043 | |a s-ag--- | ||
| 082 | 0 | 4 | |a 333.31 |b G161s |
| 100 | 1 | |a García, Antonio | |
| 245 | 1 | 0 | |a Sociología de la reforma agraria en América Latina |c Antonio García |
| 260 | |a Buenos Aires: |b Ediciones Cruz del Sur, |c 1973 | ||
| 300 | |a 238 p.: |b il., gráf. | ||
| 520 | 3 | |a Una tipología de las reformas agrarias en América Latina debe fundamentarse en una caracterización de la naturaleza del proceso histórico de cambio, no solo según los tipos de estructura latifundista, sino también con relación al contexto nacional | |
| 650 | 1 | 4 | |a REFORMA AGRARIA |z AMÉRICA LATINA |
| 650 | 1 | 4 | |a SOCIOLOGÍA RURAL |
| 999 | |c 3313 |d 3313 | ||
| 856 | |u https://catalogo.idep.edu.co/cgi-bin/koha/opac-detail.pl?biblionumber=3313 |z Enlace del recurso | ||